<?xml version="1.0" encoding="UTF-8"?>
<collection xmlns="http://www.loc.gov/MARC21/slim">
    <record>
        <controlfield tag="001">84349</controlfield>
        <controlfield tag="005">20200716101522.0</controlfield>
        <datafield tag="024" ind1="7" ind2=" ">
            <subfield code="2">doi</subfield>
            <subfield code="a">10.3389/fimmu.2019.01730</subfield>
        </datafield>
        <datafield tag="024" ind1="8" ind2=" ">
            <subfield code="2">sideral</subfield>
            <subfield code="a">113032</subfield>
        </datafield>
        <datafield tag="037" ind1=" " ind2=" ">
            <subfield code="a">ART-2019-113032</subfield>
        </datafield>
        <datafield tag="041" ind1=" " ind2=" ">
            <subfield code="a">eng</subfield>
        </datafield>
        <datafield tag="100" ind1=" " ind2=" ">
            <subfield code="a">Garmendia, Junkal</subfield>
        </datafield>
        <datafield tag="245" ind1=" " ind2=" ">
            <subfield code="a">Update on the Immune Mechanisms Against Respiratory Pathogens</subfield>
        </datafield>
        <datafield tag="260" ind1=" " ind2=" ">
            <subfield code="c">2019</subfield>
        </datafield>
        <datafield tag="506" ind1="0" ind2=" ">
            <subfield code="a">Access copy available to the general public</subfield>
            <subfield code="f">Unrestricted</subfield>
        </datafield>
        <datafield tag="520" ind1="3" ind2=" ">
            <subfield code="a">Respiratory infections pose a continuous threat to humans due to their easy dissemination via aerial transmission. As a consequence, they are leading causes of mortality and morbidity worldwide. Lower respiratory tract infections (LRTI) remained the deadliest communicable diseases causing 3 million deaths worldwide in 2016 (1). Similarly, although the number of tuberculosis (TB) deaths tends to decrease, it is still among the top 10 causes of global mortality with a yearly death burden of about 1.6 million (2). The growing emergence of bacterial antibiotic resistance is a major global challenge for the coming years, and several major respiratory pathogens are included in the WHO priority list of bacteria for which new antibiotics are urgently needed (3). In terms of target population, children under the age of five are the most susceptible hosts to a plethora of respiratory pathogens.</subfield>
        </datafield>
        <datafield tag="536" ind1=" " ind2=" ">
            <subfield code="9">info:eu-repo/grantAgreement/ES/MINECO/BFU2015-72190-EXP</subfield>
            <subfield code="9">info:eu-repo/grantAgreement/ES/MINECO/RTI2018-096369-B-I00</subfield>
            <subfield code="9">info:eu-repo/grantAgreement/ES/MINECO/SAF2015-66520-R</subfield>
        </datafield>
        <datafield tag="540" ind1=" " ind2=" ">
            <subfield code="9">info:eu-repo/semantics/openAccess</subfield>
            <subfield code="a">by</subfield>
            <subfield code="u">http://creativecommons.org/licenses/by/3.0/es/</subfield>
        </datafield>
        <datafield tag="590" ind1=" " ind2=" ">
            <subfield code="a">5.085</subfield>
            <subfield code="b">2019</subfield>
        </datafield>
        <datafield tag="591" ind1=" " ind2=" ">
            <subfield code="a">IMMUNOLOGY</subfield>
            <subfield code="b">38 / 158 = 0.241</subfield>
            <subfield code="c">2019</subfield>
            <subfield code="d">Q1</subfield>
            <subfield code="e">T1</subfield>
        </datafield>
        <datafield tag="592" ind1=" " ind2=" ">
            <subfield code="a">2.116</subfield>
            <subfield code="b">2019</subfield>
        </datafield>
        <datafield tag="593" ind1=" " ind2=" ">
            <subfield code="a">Immunology and Allergy</subfield>
            <subfield code="c">2019</subfield>
            <subfield code="d">Q1</subfield>
        </datafield>
        <datafield tag="593" ind1=" " ind2=" ">
            <subfield code="a">Immunology</subfield>
            <subfield code="c">2019</subfield>
            <subfield code="d">Q1</subfield>
        </datafield>
        <datafield tag="655" ind1=" " ind2="4">
            <subfield code="a">info:eu-repo/semantics/other</subfield>
            <subfield code="v">info:eu-repo/semantics/publishedVersion</subfield>
        </datafield>
        <datafield tag="700" ind1=" " ind2=" ">
            <subfield code="0">(orcid)0000-0001-8841-6593</subfield>
            <subfield code="a">Gonzalo-Asensio, Jesús</subfield>
            <subfield code="u">Universidad de Zaragoza</subfield>
        </datafield>
        <datafield tag="710" ind1="2" ind2=" ">
            <subfield code="1">1008</subfield>
            <subfield code="2">630</subfield>
            <subfield code="a">Universidad de Zaragoza</subfield>
            <subfield code="b">Dpto. Microb.Med.Pr.,Sal.Públ.</subfield>
            <subfield code="c">Área Microbiología</subfield>
        </datafield>
        <datafield tag="773" ind1=" " ind2=" ">
            <subfield code="g">10 (2019), 1730 [4 pp.]</subfield>
            <subfield code="p">Front. immunol.</subfield>
            <subfield code="t">FRONTIERS IN IMMUNOLOGY</subfield>
            <subfield code="x">1664-3224</subfield>
        </datafield>
        <datafield tag="856" ind1="4" ind2=" ">
            <subfield code="s">236575</subfield>
            <subfield code="u">http://zaguan.unizar.es/record/84349/files/texto_completo.pdf</subfield>
            <subfield code="y">Versión publicada</subfield>
        </datafield>
        <datafield tag="856" ind1="4" ind2=" ">
            <subfield code="s">11242</subfield>
            <subfield code="u">http://zaguan.unizar.es/record/84349/files/texto_completo.jpg?subformat=icon</subfield>
            <subfield code="x">icon</subfield>
            <subfield code="y">Versión publicada</subfield>
        </datafield>
        <datafield tag="909" ind1="C" ind2="O">
            <subfield code="o">oai:zaguan.unizar.es:84349</subfield>
            <subfield code="p">articulos</subfield>
            <subfield code="p">driver</subfield>
        </datafield>
        <datafield tag="951" ind1=" " ind2=" ">
            <subfield code="a">2020-07-16-09:27:32</subfield>
        </datafield>
        <datafield tag="980" ind1=" " ind2=" ">
            <subfield code="a">ARTICLE</subfield>
        </datafield>
    </record>

    
</collection>